|
|
|
|
| LEADER |
00000cam a2200000 a 4500 |
| 001 |
933 |
| 003 |
Ucuenca |
| 005 |
20231023220009.0 |
| 008 |
992020|1984 ||||||||r|||||||||||spa|| |
| 040 |
|
|
|b spa
|
| 041 |
0 |
|
|a spa
|
| 082 |
0 |
|
|a 633.2
|
| 245 |
|
|
|a Forrajes: la ciencia de la agricultura basada en la produccion de pastos
|c H.D. Hughes, Heath Maurice E., Metcalfe Darrel S.
|h cd
|
| 250 |
|
|
|a 1a ed.
|
| 264 |
|
|
|a Mexico
|b Continental
|c 1984
|
| 300 |
|
|
|a 149 páginas:
|b ilu
|
| 650 |
|
|
|a Forrajes
|9 38494
|
| 650 |
|
|
|a Produccion pastos y forrajes
|9 72991
|
| 650 |
|
|
|a Gramineas forrajeras
|9 70532
|
| 650 |
|
|
|a Leguminosas forrajeras
|9 70537
|
| 700 |
1 |
|
|a Hughes, H.D.
|9 72992
|
| 700 |
1 |
|
|a Heath, Maurice E.
|9 72993
|
| 700 |
1 |
|
|a Metcalfe, Darrel S.
|9 72994
|
| 852 |
|
|
|a UC-YANUNCAY
|c est_abierta
|f Compra
|k eduran
|l 1
|m General
|p 19920201
|q 5,00
|t 933
|b 0
|d CDRY
|e CDRY
|g 633.2 SALA 1 AGROPECUARIAS
|z 1992-20-20
|
| 942 |
|
|
|c BK
|0 7
|
| 999 |
|
|
|c 45149
|d 45149
|